000 00589nam a2200217 i 4500
001 bg
100 1 _aBĘZA, Stanisław
245 1 0 _aNowe repetytorium z gramatyki języka niemieckiego /
_cStanisław Bęza.
250 _aWyd. 12 poszerz.
260 _aWarszawa :
_bWydaw. Szkolne PWN,
_c1998.
300 _a448 s. ;
_c24 cm.
650 9 _aJęzyk niemiecki
_xgramatyka
655 _aPodręczniki
020 _a8371950268
040 _cBPK
041 0 _aplde
080 _a811.112.2'36(07)
920 _a83-7195-026-8
942 _cKS
008 s pl f |000 0 pol
999 _c33557
_d33557